000
00208 a2200097 4500
001
48524
100
_a
Ommanney, F.D
245
_a
The ocean
260
_a
London
_b
Oxford univ press
_c
090
_c
31458
_d
31458
942
_a
NUST-CAE
_c
M
_c
23845
999
_c
283597
_d
283597